<?xml version="1.0" encoding="UTF-8"?>
<collection xmlns="http://www.loc.gov/MARC21/slim">
 <record>
  <leader>01102pamaa2200229   4500</leader>
  <controlfield tag="001">0000024824</controlfield>
  <controlfield tag="005">20100714090000.0</controlfield>
  <datafield tag="020" ind1="0" ind2="0">
   <subfield code="a">9781587132124 (CD-ROM) </subfield>
  </datafield>
  <datafield tag="090" ind1="0" ind2="0">
   <subfield code="a">TK5105.5 </subfield>
   <subfield code="b">STE 2008</subfield>
  </datafield>
  <datafield tag="100" ind1="1" ind2="0">
   <subfield code="a">Stewart </subfield>
  </datafield>
  <datafield tag="245" ind1="1" ind2="0">
   <subfield code="a">Designing and supporting computer networks [</subfield>
   <subfield code="m">CD-ROM] : </subfield>
   <subfield code="b">CCNA discovery learning guide  </subfield>
   <subfield code="c">Kenneth D. Stewart III, Aubrey Adams.</subfield>
  </datafield>
  <datafield tag="260" ind1="0" ind2="0">
   <subfield code="a">Indianapolis, Ind.: </subfield>
   <subfield code="b">Cisco Press, </subfield>
   <subfield code="c">2008.</subfield>
  </datafield>
  <datafield tag="300" ind1=" " ind2=" ">
   <subfield code="a">1 CD-ROM; </subfield>
   <subfield code="c">4.5 inch.</subfield>
  </datafield>
  <datafield tag="440" ind1="0" ind2="0">
   <subfield code="a">Cisco Networking Academy series</subfield>
  </datafield>
  <datafield tag="500" ind1="0" ind2="0">
   <subfield code="a">To accompany textbook titled &quot;&quot;Designing and supporting computer networks : CCNA discovery learning guide ; part 1 : concepts / Kenneth D. Stewart III, Aubrey Adams&quot;</subfield>
  </datafield>
  <datafield tag="500" ind1="0" ind2="0">
   <subfield code="a">To accompany textbook titled &quot;&quot;Designing and supporting computer networks : CCNA discovery learning guide ; part 1 : Labs / Kenneth D. Stewart III, Aubrey Adams&quot;</subfield>
  </datafield>
  <datafield tag="500" ind1="0" ind2="0">
   <subfield code="a">Part 1 : Concepts -- Part 2 : Labs</subfield>
  </datafield>
  <datafield tag="650" ind1="0" ind2="0">
   <subfield code="a">Computer networks </subfield>
  </datafield>
  <datafield tag="650" ind1="0" ind2="0">
   <subfield code="a">Computer networks -- </subfield>
   <subfield code="x">Management </subfield>
  </datafield>
  <datafield tag="700" ind1="1" ind2="1">
   <subfield code="a">Adams, </subfield>
   <subfield code="h">E. Aubrey </subfield>
  </datafield>
  <datafield tag="810" ind1="1" ind2="0">
   <subfield code="a">Cisco Networking Academy Program series</subfield>
  </datafield>
  <datafield tag="901" ind1=" " ind2=" ">
   <subfield code="u">http://www.ciscopress.com&#13;
</subfield>
  </datafield>
 </record>
</collection>
